| 000 | 00988nam a22001937a 4500 | ||
|---|---|---|---|
| 003 | JO-AjAnu | ||
| 005 | 20240709092054.0 | ||
| 008 | 240709b jo ||||| |||| 00| 0 ara d | ||
| 040 |
_aJO-AjAnu _bARA _cJO-AjAnu |
||
| 041 | 1 | _hARA | |
| 100 |
_aعنانبه، انسام محمد مصطفى _eمعد _966109 |
||
| 245 | 1 | 0 |
_aموقف المشرع الأردني من تنفيذ من تنفيذ الحكم الأجنبي إلكترونياً = The position of the Jordanian legislator on implementing a foreign judgment electronically / _cاعداد انسام محمد مصطفى عنانبه ؛ اشراف طلال ياسين العيسى |
| 260 | _c2024 | ||
| 300 | _a90 ورقة | ||
| 500 | _aرسالة جامعية (اطروحة ماجستير) جامعة عجلون الوطنية، كلية الحقوق/تخصص القانون، 2024 | ||
| 650 | 7 | _vالقانون الخاص-الأردن | |
| 700 |
_aالعيسى، طلال ياسين _964930 _eمشرف |
||
| 942 |
_2lcc _cTHS _n0 |
||
| 999 |
_c33607 _d33607 |
||